00620nam a2200205 i 450000100060000000300090000600500170001500700030003200800410003510000320007624500880010826000550019630000250025149000320027665000230030870000160033170000140034783000320036185200210039384342ES-MaACL20250926063052.0t|041122s1910 fr ||||1| fre d1 aJames, William, d1842-191010aPhilosophie de l'experience / cWilliam James ; traduit par E. Le Brun et M. Paris. aParis : bErnest Flammarion, c1910 (fHemmerlé) a368, 8 p. ; c18 cm.1 aBibliothèque scientifique07aPragmatismo2embne1 aLe Brun, E.1 aParis, M.0 aBibliothèque scientifique aES-MaACLjF-6106